000 00948nam a2200301Ia 4500
003 OSt
005 20220928115711.0
006 a|||||r|||| 00| 0
007 ta
008 220927b |||||||| |||| 00| 0 eng d
020 _cINR 499.00
024 _a140649
037 _b456, 30/01/2019, Synergy Books India
_cTextual
040 _aSDCL
_cSDCL
_beng
041 _2eng
_aeng
082 _aY33.2'P, Q7
100 _aSatyam Amitabh
_9445705
245 0 _aSmart city transformations
_b The revolution of the 21st century
260 _aNew Delhi
_bBloomsbury
_c2017
300 _axi,333p.
_ccm.
650 _a Population increases
_9445706
650 _a Sociology
650 _a Urban Growth
_9445707
650 _aSustainable development
_9438223
700 _a Calzada igor
_9445708
942 _hY33.2'P, Q7
_cTEXL
_2CC
999 _c760608
_d760608